000 00812nac a22002657a 4500
001 BR7303017
003 BR-BrBNA
005 20240105113510.0
008 230509b bl.|||m| |||| 00| 0 por d
040 _aBR-BrBNA
_bpor
_cBiblioteca Nacional de Agricultura
072 _aE15
090 _a2110 BR7303017
100 1 _aOliveira, H.R. de
110 1 _aCentro de Pesquisas do Cacau, Ilheus, BA (Brasil)
_91631
245 1 _aLevantamento de fazenda de cacau [Brasil]
260 3 _aIlheus, BA (Brasil):
_c1965.
300 _a9 p.
490 _aComunicado ao Pessoal Tecnico - Centro de Pesquisas do Cacau (Brazil)
_vno. 13
_x
650 _aESTRUTURA AGRARIA
650 _aFAZENDA
650 _aINVENTARIO
650 _aCACAU
909 _a202312
_bLúcia Elande
_c55
_dLúcia Elande
942 _2AGRIS
_n0
_cMS
999 _c264076
_d264076